000 00336nam a2200145Ia 4500
008 240624s9999 xx 000 0 und d
041 _aeng
082 _a519.5 BYR
100 _aBYRNE DAVID
245 _aCLUSTER ANALYSIS
260 _c2012
_aLondon
_bSage
300 _axxxi, : 381 : p. : cm. ; 23
365 _cGBP
_b38
440 _v4
999 _c24147
_d24147